<?xml version="1.0" encoding="UTF-8"?>
<record
    xmlns:xsi="http://www.w3.org/2001/XMLSchema-instance"
    xsi:schemaLocation="http://www.loc.gov/MARC21/slim http://www.loc.gov/standards/marcxml/schema/MARC21slim.xsd"
    xmlns="http://www.loc.gov/MARC21/slim">

  <leader>01297nam a2200349 i 4500</leader>
  <controlfield tag="001">bg</controlfield>
  <controlfield tag="003">BPK</controlfield>
  <controlfield tag="005">20221130101144.0</controlfield>
  <controlfield tag="008">080822s2008    pl a     f   |001 0 pol</controlfield>
  <datafield tag="015" ind1=" " ind2=" ">
    <subfield code="a">PB 2008/22429</subfield>
  </datafield>
  <datafield tag="020" ind1=" " ind2=" ">
    <subfield code="a">9788375266368</subfield>
  </datafield>
  <datafield tag="040" ind1=" " ind2=" ">
    <subfield code="a">WA N</subfield>
    <subfield code="c">BPK</subfield>
  </datafield>
  <datafield tag="041" ind1="1" ind2=" ">
    <subfield code="a">pol</subfield>
    <subfield code="h">eng</subfield>
  </datafield>
  <datafield tag="080" ind1=" " ind2=" ">
    <subfield code="a">005.95/.96</subfield>
  </datafield>
  <datafield tag="080" ind1=" " ind2=" ">
    <subfield code="a">(083.1)</subfield>
  </datafield>
  <datafield tag="100" ind1="1" ind2=" ">
    <subfield code="a">Baron, Angela.</subfield>
    <subfield code="e">Autor</subfield>
  </datafield>
  <datafield tag="245" ind1="1" ind2="0">
    <subfield code="a">Zarz&#x105;dzanie kapita&#x142;em ludzkim :</subfield>
    <subfield code="b">uzyskiwanie warto&#x15B;ci dodanej dzi&#x119;ki ludziom /</subfield>
    <subfield code="c">Angela Baron, Michael Armstrong ; [przek&#x142;. Ewa Muszczynko].</subfield>
  </datafield>
  <datafield tag="246" ind1="1" ind2=" ">
    <subfield code="i">Tyt. oryg.:</subfield>
    <subfield code="a">Human capital management :</subfield>
    <subfield code="b">achieving added value trough people,</subfield>
    <subfield code="f">2007.</subfield>
  </datafield>
  <datafield tag="260" ind1=" " ind2=" ">
    <subfield code="a">Krak&#xF3;w ;</subfield>
    <subfield code="a">Warszawa :</subfield>
    <subfield code="b">Wolters Kluwer Polska,</subfield>
    <subfield code="c">2008.</subfield>
  </datafield>
  <datafield tag="300" ind1=" " ind2=" ">
    <subfield code="a">253 s. :</subfield>
    <subfield code="b">il. ;</subfield>
    <subfield code="c">24 cm.</subfield>
  </datafield>
  <datafield tag="490" ind1="1" ind2=" ">
    <subfield code="a">HR.</subfield>
  </datafield>
  <datafield tag="504" ind1=" " ind2=" ">
    <subfield code="a">Bibliogr. s. 243-248. Indeks.</subfield>
  </datafield>
  <datafield tag="650" ind1=" " ind2="4">
    <subfield code="a">Zarz&#x105;dzanie zasobami ludzkimi (HRM)</subfield>
    <subfield code="x">polityka.</subfield>
  </datafield>
  <datafield tag="650" ind1=" " ind2="4">
    <subfield code="a">Zarz&#x105;dzanie</subfield>
  </datafield>
  <datafield tag="655" ind1=" " ind2="4">
    <subfield code="a">Poradnik</subfield>
  </datafield>
  <datafield tag="700" ind1="1" ind2=" ">
    <subfield code="a">Muszczynko, Ewa.</subfield>
    <subfield code="e">T&#x142;umaczenie</subfield>
  </datafield>
  <datafield tag="710" ind1="2" ind2=" ">
    <subfield code="a">Wolters Kluwer</subfield>
    <subfield code="4">pbl.</subfield>
  </datafield>
  <datafield tag="700" ind1="1" ind2=" ">
    <subfield code="a">Armstrong, Michael</subfield>
    <subfield code="d">(1928- )</subfield>
    <subfield code="e">Autor</subfield>
  </datafield>
  <datafield tag="830" ind1=" " ind2="0">
    <subfield code="a">Zarz&#x105;dzanie Zasobami Ludzkimi HR</subfield>
  </datafield>
  <datafield tag="942" ind1=" " ind2=" ">
    <subfield code="2">UKD</subfield>
    <subfield code="c">KS</subfield>
  </datafield>
  <datafield tag="856" ind1=" " ind2=" ">
    <subfield code="u">http://koha.tu.koszalin.pl/cgi-bin/koha/opac-detail.pl?biblionumber=56402</subfield>
    <subfield code="y">Katalog online BPK</subfield>
  </datafield>
  <datafield tag="999" ind1=" " ind2=" ">
    <subfield code="c">56402</subfield>
    <subfield code="d">56402</subfield>
  </datafield>
  <datafield tag="952" ind1=" " ind2=" ">
    <subfield code="0">0</subfield>
    <subfield code="1">0</subfield>
    <subfield code="4">0</subfield>
    <subfield code="7">1</subfield>
    <subfield code="a">BPK</subfield>
    <subfield code="b">BPK</subfield>
    <subfield code="c">eh</subfield>
    <subfield code="o">91118</subfield>
    <subfield code="p">02471235</subfield>
    <subfield code="s">2013-04-30</subfield>
    <subfield code="t">005.95/.96 Zp</subfield>
    <subfield code="y">KS</subfield>
  </datafield>
  <datafield tag="952" ind1=" " ind2=" ">
    <subfield code="0">0</subfield>
    <subfield code="1">0</subfield>
    <subfield code="4">0</subfield>
    <subfield code="7">0</subfield>
    <subfield code="a">BPK</subfield>
    <subfield code="b">BPK</subfield>
    <subfield code="c">w</subfield>
    <subfield code="o">91119</subfield>
    <subfield code="p">02471228</subfield>
    <subfield code="q">2026-10-17</subfield>
    <subfield code="s">2021-10-09</subfield>
    <subfield code="y">KS</subfield>
  </datafield>
</record>
